000 00232 a2200109 4500
001 125098
040 _cEscola Canadense de Niteroi
090 _aE2
100 _aCunha, Leo
245 1 0 _aEra Uma Vez Um Reino Sonolento
942 _cBK
999 _c125098
_d125098